[Event "BCF-chT4 2223 (4NCL)"]
[Site "England"]
[Date "2023.04.29"]
[Round "9.134"]
[White "Mohan, Meghana"]
[Black "Gibson, Stephen"]
[Result "1-0"]
[WhiteElo "1515"]
[BlackElo "1441"]
[PlyCount "83"]
[EventDate "2022.11.05"]
[EventType "team-swiss"]
[EventRounds "11"]
[EventCountry "ENG"]
[SourceTitle "EXT 2024"]
[Source "ChessBase"]
[SourceDate "2023.10.10"]
[SourceVersion "1"]
[SourceVersionDate "2023.10.10"]
[SourceQuality "1"]
[WhiteTeam "She Plays To Win Uni"]
[BlackTeam "Deaf England"]
[WhiteTeamCountry "ENG"]
[BlackTeamCountry "ENG"]

1. d4 b5 2. Nf3 e6 3. g3 Bb7 4. Bg2 c5 5. 0-0 Nf6 6. b3 d6 7. dxc5 dxc5 8. Qxd8+ Kxd8 9. Bb2 Be7 10. Nbd2 Nbd7 11. c4 b4 12. Rfe1 h6 13. Rad1 Kc7 14. e4 Rad8 15. Ne5 Nxe5 16. Bxe5+ Kb6 17. Bb2 Ne8 18. a3 a5 19. axb4 axb4 20. e5 Nc7 21. Ne4 Bxe4 22. Bxe4 Na6 23. Ra1 Nc7 24. Ra2 Rb8 25. Rea1 Rhd8 26. Re1 Rd2 27. Rea1 Rdd8 28. Kg2 Rd2 29. Bc1 Rxa2 30. Rxa2 Na6 31. Be3 Rd8 32. f4 Rd1 33. Rb2 Nb8 34. Bc2 Rd7 35. f5 exf5 36. Bxf5 Rd1 37. Bf4 Nc6 38. e6 Nd4 39. Bg4 Rd3 40. exf7 Nxb3 41. Bf5 Rc3 42. Be5 1-0

[Event "Harrogate 4NCL op-C 29th"]
[Site "Harrogate"]
[Date "2023.01.22"]
[Round "4"]
[White "Sayer, Ray M"]
[Black "Gibson, Stephen"]
[Result "1/2-1/2"]
[WhiteElo "1465"]
[BlackElo "1509"]
[PlyCount "54"]
[EventDate "2023.01.20"]
[EventType "swiss"]
[EventRounds "5"]
[EventCountry "ENG"]
[SourceTitle "CBM 212 Extra"]
[Source "ChessBase"]
[SourceDate "2023.03.31"]
[SourceVersion "1"]
[SourceVersionDate "2023.03.31"]
[SourceQuality "1"]

1. e4 e6 2. d4 a6 3. Nf3 b5 4. Be2 Bb7 5. Nbd2 c5 6. dxc5 Bxc5 7. 0-0 Nf6 8. Bd3 0-0 9. e5 Nd5 10. Ne4 Be7 11. Neg5 g6 12. c3 Nc6 13. Be4 Nb6 14. Re1 d5 15. exd6 Bxd6 16. Bxc6 Bxc6 17. Be3 Nc4 18. Bd4 Nxb2 19. Qe2 Nc4 20. Ne4 Be7 21. Nfd2 e5 22. Nxc4 exd4 23. Ne5 Bxe4 24. Qxe4 Bf6 25. Nc6 Qd7 26. cxd4 Rac8 27. Ne5 Bxe5 1/2-1/2

[Event "Harrogate 4NCL op-C 29th"]
[Site "Harrogate"]
[Date "2023.01.21"]
[Round "2"]
[White "Walker, Heather Enid"]
[Black "Gibson, Stephen"]
[Result "0-1"]
[WhiteElo "1234"]
[BlackElo "1509"]
[PlyCount "86"]
[EventDate "2023.01.20"]
[EventType "swiss"]
[EventRounds "5"]
[EventCountry "ENG"]
[SourceTitle "CBM 212 Extra"]
[Source "ChessBase"]
[SourceDate "2023.03.31"]
[SourceVersion "1"]
[SourceVersionDate "2023.03.31"]
[SourceQuality "1"]

1. d4 b5 2. e4 a6 3. Nf3 Bb7 4. Bd3 e6 5. a3 c5 6. c4 bxc4 7. Bxc4 Bxe4 8. Nbd2 Bb7 9. 0-0 cxd4 10. Nxd4 Nf6 11. N2f3 Be7 12. b4 0-0 13. Bb2 d5 14. Bd3 Nc6 15. Nxc6 Bxc6 16. Rc1 Qb6 17. Bd4 Qb7 18. Ne5 Rac8 19. Qe2 Bb5 20. Rc3 Bxd3 21. Qxd3 Rxc3 22. Qxc3 Ne4 23. Qb2 f6 24. Ng4 e5 25. Be3 d4 26. Bc1 Nc3 27. f3 Qd5 28. Rf2 Nd1 29. Qa2 Qxa2 30. Rxa2 Rc8 31. Bd2 Nc3 32. Ra1 Nd5 33. Nf2 Rc2 34. Be1 Nc3 35. Kf1 Kf7 36. Nd1 Nxd1 37. Rxd1 Ke6 38. h3 Kd5 39. Bd2 f5 40. Ke2 e4 41. fxe4+ fxe4 42. Rf1 e3 43. Kd3 Rxd2# 0-1

[Event "BCF-chT4 2223 (4NCL)"]
[Site "England"]
[Date "2023.01.08"]
[Round "4.132"]
[White "Gibson, Stephen"]
[Black "Hilton, Tim"]
[Result "0-1"]
[WhiteElo "1441"]
[BlackElo "2012"]
[PlyCount "32"]
[EventDate "2022.11.05"]
[EventType "team-swiss"]
[EventRounds "11"]
[EventCountry "ENG"]
[SourceTitle "EXT 2024"]
[Source "ChessBase"]
[SourceDate "2023.10.10"]
[SourceVersion "1"]
[SourceVersionDate "2023.10.10"]
[SourceQuality "1"]
[WhiteTeam "Deaf England"]
[BlackTeam "Average Wood Pushers II"]
[WhiteTeamCountry "ENG"]
[BlackTeamCountry "ENG"]

1. e4 e6 2. f4 d5 3. exd5 exd5 4. d4 Nf6 5. Nf3 c5 6. c3 Nc6 7. Bd3 Qb6 8. Qe2+ Be7 9. Bb5 0-0 10. Bxc6 bxc6 11. Be3 cxd4 12. Nxd4 c5 13. Nf3 Ba6 14. Qc2 Ng4 15. Qd2 Nxe3 16. Qxe3 Qxb2 0-1

[Event "Leamington Spa 4NCL op-C 28th"]
[Site "Leamington Spa"]
[Date "2022.07.08"]
[Round "1"]
[White "Gibson, Stephen"]
[Black "Salisbury, Paul"]
[Result "0-1"]
[WhiteElo "1511"]
[BlackElo "1692"]
[PlyCount "64"]
[EventDate "2022.07.08"]
[EventType "swiss"]
[EventRounds "5"]
[EventCountry "ENG"]
[SourceTitle "CBM 209 Extra"]
[Source "ChessBase"]
[SourceDate "2022.09.30"]
[SourceVersion "1"]
[SourceVersionDate "2022.09.30"]
[SourceQuality "1"]

1. e4 d5 2. exd5 Qxd5 3. Nc3 Qa5 4. d4 c6 5. Bd2 Qc7 6. Bc4 Bf5 7. Nf3 e6 8. Nh4 Bg6 9. Nxg6 hxg6 10. g3 Nf6 11. Qe2 Bd6 12. 0-0-0 Kd8 13. f4 Re8 14. Rhe1 Re7 15. Qf3 Nbd7 16. Re2 Nb6 17. Bb3 Nbd5 18. Bxd5 cxd5 19. Nb5 Qc6 20. Nxd6 Qxd6 21. Qb3 Qc6 22. Qc3 Qxc3 23. Bxc3 Ne4 24. Rd3 f5 25. Be1 Rc8 26. h4 Kd7 27. Ra3 a6 28. Rb3 Ke8 29. Rb6 Rc4 30. Bb4 Rec7 31. Rxe6+ Kf7 32. Re5 Rxb4 0-1